L'Autriche pour les touristes... - Statistiques

Statistiques générales
  • Ce quiz a été pris 41 fois
  • Le résultat moyen est 14 sur 20
Statistiques - réponses
Question Indice Réponses % Correct
Quelle est la langue officielle ? Allemand
100%
La conduite se fait à droite ou à gauche ? Droite
100%
Quelle est la monnaie ? Euro
100%
Quelles sont les principales villes touristiques ? V Vienne
100%
Quelle est le massif qui occupe les 2/3 de la superficie A Alpes
98%
Dans la capitale y-a-t-il un décalage horaire avec Paris ? (oui/non) Non
98%
Quel est le plus long fleuve ? D Danube
95%
La vitesse sur autoroute est limitée à {130} km/h
93%
Le taux d'alcoolémie toléré au volant est de {0.5} g/l
80%
Achats à faire 2/ Boisson pétillante alcoolisée Bière
78%
Quelles sont les principales villes touristiques ? S Salzbourg
78%
Le suffixe internet est at
75%
Quelles sont les principales villes touristiques ? I Innsbruck
65%
Achats à faire 1/ Boisson alcoolisée Vin
65%
La religion majoritaire est C Christianisme
50%
Achats à faire 3/ Bijoux en cristal (marque) Swarovski
38%
Quelles sont les principales villes touristiques ? F Feldkirch
15%
Quelles sont les principales villes touristiques ? H Hallstatt
15%
On peut y visiter les parcs nationaux de HT Hohe Tauern
8%
On peut y visiter les parcs nationaux de T Thayatal
8%
Aucun quiz correspondant
Distribution des résultats
% des personnes avec chaque résultat
Percentile par nombre de réponses
Votre historique - résultats
Vous n’avez pas pris ce quiz